Statistics for Largest Donors of Aid

Click here to take the quiz!

General Stats

  • This quiz has been taken 17 times
  • The average score is 14 of 16

Answer Stats

AnswerGiven ($m)As % of GDP% Correct
United States30,9860.17
100%
Canada4,2770.28
94%
France9,0390.37
94%
Germany17,9400.52
94%
United Kingdom18,5450.70
94%
Australia3,4940.29
88%
Denmark2,5660.85
88%
Italy4,0040.22
88%
Japan9,2030.21
88%
Sweden7,0891.40
88%
Netherlands5,7260.75
82%
Norway4,2781.05
82%
Switzerland3,5620.52
82%
United Arab Emirates4,3811.18
76%
Saudi Arabia6,7581.05
71%
Turkey3,9190.50
65%

Score Distribution

Percentile by Number Answered

Percent of People with Each Score

Your Score History

You have not taken this quiz